| 000 | 00554nam a22001937a 4500 | ||
|---|---|---|---|
| 005 | 20251108173313.0 | ||
| 008 | 250721s9999 xx 000 0 ara d | ||
| 082 | 1 | 4 | _a135/عمر |
| 100 | 1 | _aعمر، هالة | |
| 245 | 1 | 0 | _aكيف تفسرين أحلامك / |
| 264 | 1 |
_aالعراق : _bالمكتبة العالمية، _c(19-). |
|
| 300 | _a104ص | ||
| 490 | 0 |
_aموسوعة عالم المرأة _v1 |
|
| 650 | 1 | 7 | _aالاحلام |
| 650 | 1 | 7 | _aعلم النفس |
| 700 | 1 | _aاليوسف، دنيا | |
| 942 |
_2ddc _cBK |
||
| 999 |
_c100794 _d100794 |
||